书目信息 |
| 题名: |
民法总论案例教程
|
|
| 作者: | 郭明瑞 主编 ;刁芳远 撰稿 | |
| 分册: | ||
| 出版信息: | 北京 北京大学出版社 2004 |
|
| 页数: | 279页 | |
| 开本: | 23cm | |
| 丛书名: | 21世纪法学系列教材教学案例 | |
| 单 册: | ||
| 中图分类: | D923.105-43 | |
| 科图分类: | ||
| 主题词: | 民法--min fa--总则--案例--中国--高等学校--教材 , 民法--min fa | |
| 电子资源: | ||
| ISBN: | 7-301-06815-8 | |
| 000 | 00843nam0 2200253 45 | |
| 005 | 20061114150455.00 | |
| 010 | @a7-301-06815-8@dCNY25.00 | |
| 100 | @a20050312d2004 ekmy0chiy0121 ea | |
| 101 | 0 | @achi |
| 102 | @aCN@b110000 | |
| 105 | @ay a 000yy | |
| 200 | 1 | @a民法总论案例教程@Amin fa zong lun an li jiao cheng@f郭明瑞主编@g刁芳远 ... [等]撰稿 |
| 210 | @a北京@c北京大学出版社@d2004 | |
| 215 | @a279页@d23cm | |
| 225 | 2 | @a21世纪法学系列教材教学案例@A21 shi ji fa xue xi lie jiao cai jiao xue an li |
| 320 | @a有书目 | |
| 410 | 0 | @12001 @a21世纪法学系列教材教学案例 |
| 606 | 0 | @a民法@Amin fa@x总则@x案例@y中国@x高等学校@j教材 |
| 606 | 0 | @a民法@Amin fa |
| 690 | @aD923.105-43@v4 | |
| 701 | 0 | @a郭明瑞@Aguo ming rui@4主编 |
| 702 | 0 | @a刁芳远@Adiao fang yuan@4撰稿 |
| 801 | 0 | @aCN@c20061114 |
| 905 | @a10447@dD923.105-43@eG817 | |
| 民法总论案例教程/郭明瑞主编/刁芳远 ... [等]撰稿.-北京:北京大学出版社,2004 |
| 279页;23cm.-(21世纪法学系列教材教学案例) |
| ISBN 7-301-06815-8:CNY25.00 |
| ● |
| 相关链接 |
|
|
|
正题名:民法总论案例教程
索取号:D923.105-43/G817
 
预约/预借
| 序号 | 登录号 | 条形码 | 馆藏地/架位号 | 状态 | 备注 |
| 1 | 637398 | 206373985 | 社科库509/509社科库 92排1列1层/ [索取号:D923.105-43/G817] | 在馆 | |
| 2 | 637399 | 206373994 | 社科库509/509社科库 92排1列1层/ [索取号:D923.105-43/G817] | 在馆 | |
| 3 | 637400 | 206374001 | 法学院资料室/ [索取号:D923.105-43/G817] | 在馆 |